French Cruisers of World War II - Statistics

General Stats
  • This quiz has been taken 102 times
    99 since last reset
  • The average score is 17 of 27
Answer Stats
Class Type Date Commissioned Tenure of Service Fate Ship % Correct
Duquesne Heavy January 25, 1929 1929-1955 Scrapped in 1956 Duquesne
98%
Algerie Heavy June 15, 1934 1934-1942 Scuttled at Toulon, November 27, 1942 Algerie
96%
Dugauy-Trouin Light November 2, 1926 1926-1952 Scrapped in 1952 Duguay-Trouin
96%
Emile Bertin Light January 28, 1935 1935-1951 Scrapped in 1961 Emile Bertin
96%
Jeanne d'Arc Light October 1931 1931-1964 Scrapped in 1964 Jeanne d'Arc
96%
Suffren Heavy March 8, 1930 1930-1976 Scrapped in 1976 Suffren
96%
La Galissonnière Light January 1, 1936 1936-1942 Scuttled at Toulon, November 27, 1942, raised by Italy, bombed in 1944, scrapped in 1952 La Galissonniere
94%
De Grasse Light September 10, 1956 1956-1974 Scrapped in 1974 De Grasse
91%
Saint Louis Heavy Cancelled N/A N/A Saint Louis
91%
Suffren Heavy November 11, 1929 1929-1942 Scuttled at Toulon, November 27, 1942 Colbert
66%
La Galissonnière
Light November 15, 1937 1937-1957 Scrapped in 1970 Montcalm
62%
Saint Louis Heavy Cancelled N/A N/A Henri IV
60%
Duquesne Heavy May 5, 1928 1929-1962 Scrapped in 1963 Tourville
57%
Saint Louis Heavy Cancelled N/A N/A Charlemagne
55%
Saint Louis Heavy Cancelled N/A N/A Charles Martel
53%
La Galissonnière Light November 15, 1937 1937-1958 Scrapped in 1958 Gloire
53%
Suffren Heavy May 1, 1932 1932-1942 Scuttled at Toulon, November 27, 1942 Dupleix
51%
Suffren Heavy March 15, 1931 1931-1942 Scuttled at Toulon, November 27, 1942 Foch
51%
La Galissonnière Light October 19, 1937 1937-1942 Scuttled at Toulon, November 27, 1942 Marseillaise
51%
La Galissonnière Light November 15, 1937 1937-1957 Scrapped in 1959 Georges Leygues
49%
Duguay-Trouin Light April 1, 1927 1927-1942 Destroyed in the Battle of Casablanca by shellfire and dive bombers from USS Ranger, November 8, 1942 Primauguet
47%
Saint Louis Heavy Cancelled N/A N/A Brennus
43%
Duguay-Trouin Light March 5, 1927 1927-1945 Sunk during the South China Sea raid, January 12, 1945 Lamotte-Picquet
43%
De Grasse Light Cancelled N/A N/A Chateaurenault
32%
Saint Louis Heavy Cancelled N/A N/A Vercingetorix
32%
La Galissonnière Light February 10, 1937 1937-1942 Scuttled at Toulon, November 27, 1942 Jean de Vienne
28%
De Grasse Light Cancelled N/A N/A Guichen
23%
No matching quizzes found
Score Distribution
Percent of People with Each Score
Percentile by Number Answered
Your Score History
You have not taken this quiz since the last reset